| 000 | 00780nam a22002417a 4500 | ||
|---|---|---|---|
| 005 | 20170124105921.0 | ||
| 010 | _aA-940588 | ||
| 020 |
_c400.00 _a8186653112 |
||
| 035 | _aA-940588 | ||
| 037 | _bCen Lib/Ret | ||
| 040 |
_aDPL _bEN |
||
| 082 |
_a392.6 _bMIS |
||
| 100 |
_aMisra, Ratan Lal _94571 |
||
| 245 |
_aThe rulers and their beloved concubines / _cby Ratan Lal Misra |
||
| 246 | _b | ||
| 260 |
_bINA SHree Publishers _c1998 _aJaipur |
||
| 270 |
_bJaipur _aS-54, geejghar vihar colony, hawa sarak, 22 godam _e302006 |
||
| 300 |
_avi, 185p.: _c21cm(Hb) _bill. |
||
| 500 | _aIncludes bibliographical references and index | ||
| 650 |
_aMatrimonial alliances _zAncient India _94572 |
||
| 650 |
_apromiscuity _94573 |
||
| 942 |
_2ddc _cEN _h392.6 _mMIS |
||
| 999 |
_c123178 _d123178 |
||